| 000 | 00671nam a22001817a 4500 | ||
|---|---|---|---|
| 003 | BD-DhUL | ||
| 005 | 20180514081957.0 | ||
| 008 | 180514s0000 ii |||| |||| 000 0 ben d | ||
| 040 |
_aBD-DhUL _cBD-DhUL |
||
| 082 |
_a891.443 _bANS |
||
| 100 | 1 | _aরায়, অনিল। | |
| 245 | 1 |
_aসূর্য সন্ধ্যা / _cঅনিল রায়। |
|
| 260 |
_aকলিকাতা : _bফার্মা কে. এল. এস. প্রাইভেট লিমিটেড, _c০০০০। |
||
| 300 |
_a৫৬৬ পৃ. ; _c২১ সেমি. |
||
| 650 | 4 | _aবাংলা উপন্যাস | |
| 650 | 4 | _aBengali fiction | |
| 942 |
_2ddc _cBK |
||
| 999 |
_c241256 _d241256 |
||